|
|
|
|
| LEADER |
00000nam a2200000 a 4500 |
| 001 |
vtls008396971 |
| 003 |
SK-MaSNL |
| 005 |
20260301141144.0 |
| 008 |
181109s1952 xo hun |
| 015 |
|
|
|a SKSNBA19451955-010917
|
| 035 |
|
|
|a SK01SNKBKSFS20010089188
|
| 035 |
|
|
|a SKM000091651
|
| 040 |
|
|
|a SNK
|b slo
|c SNK
|e AACR2
|
| 041 |
0 |
|
|a hun
|a slo
|
| 044 |
|
|
|a xo
|c SK
|
| 080 |
|
|
|a 372(075)
|2 1981
|
| 080 |
|
|
|a 808.54(075)
|2 1981
|
| 245 |
1 |
0 |
|a Slovenská čítanka a cvičebnica
|b szlovák olvasó és gyakorlókönyv a csehszlovákiai magyar tannyelvű nemzeti iskolák 3. évfolyama számára
|c (szerk. az Áll. Kiadóvállatnál működő Tankönyvbizottság) ; (a képeket rajzolta Szalay Géza)
|
| 260 |
|
|
|a Bratislava
|b Állami Kiadó
|c 1952
|e Martin
|f Severoslov. tlač.
|
| 300 |
|
|
|a 179, [1] s.
|c V. 8°
|
| 500 |
|
|
|a Ilustrované
|
| 505 |
0 |
|
|a Slovník slov.-maďarský
|
| 563 |
|
|
|a 17.000 výtlač.
|
| 650 |
0 |
7 |
|a slovenčina
|2 SNK
|9 1350
|
| 655 |
|
7 |
|a učebnice
|2 SNKPH
|9 22521
|
| 700 |
1 |
|
|a Salay, Gejza,
|d 1902-1963
|4 ill
|9 117535
|
| 852 |
|
|
|a Slovenská národná knižnica v Martine
|b 10000
|h MS SD 8068
|
| 958 |
|
|
|a OND
|
| 958 |
|
|
|a RK
|
| 958 |
|
|
|a TL
|
| 999 |
|
|
|c 766224
|d 768154
|
| 952 |
|
|
|a SNK
|b SNK
|y VYP
|7 0
|p 17A0364129
|o snkSD 8068 D1
|i snkD 3963/76
|8 1
|0 0
|1 0
|4 0
|d 2012-05-23
|l 0
|r 2026-02-24 00:19:33
|w 2026-02-24
|
| 952 |
|
|
|a SNK
|b SNK
|y PREZ
|7 0
|p 17A0955425
|o snkSD 8068
|0 0
|1 0
|4 0
|d 2013-04-23
|l 0
|r 2025-11-20 00:00:00
|w 2026-02-24
|